Canary Islands facts - Statistics

General Stats
  • This quiz has been taken 255 times
    100 since last reset
  • The average score is 12 of 25
Answer Stats
Clue Answer % Correct
They belong to... Spain
97%
Island of these volcanoes Tenerife
85%
Number of capitals Two
85%
Island that has mostly yellow sand beaches Fuerteventura
76%
Island which had a volcano eruption in 2021 La Palma
73%
Colour of most of the beaches Black
72%
Most populated city and capital Las Palmas de Gran Canaria
72%
Island where people communicate by whistling La Gomera
70%
Highest mountain Teide
67%
Meaning of "Canary" Land of dogs
55%
The only inhabited island without self government La Graciosa
50%
South American country often called "the eighth island" Venezuela
48%
Name of the aboriginals from Tenerife Guanches
41%
Climate of the Canaries Subtropical
40%
Rapper mostly known for his collaboration with producer Bizarrap Quevedo
33%
Typical expression Chacho
29%
Popular instrument, similar to ukelele Timple
27%
Name of these self governments Cabildo
26%
They are part of... (big group of islands) Macaronesia
25%
World champion footballer who played for Manchester City David Silva
24%
The Canarian phantom island Saint Brendan
23%
Laurel forest that can be found there Laurisilva
22%
This U.S. city was first populated by Canary Islanders San Antonio, Texas
20%
Current governor (2024) Fernando Clavijo
15%
Second highest one Pico Viejo
15%
No matching quizzes found
Score Distribution
Percent of People with Each Score
Percentile by Number Answered
Your Score History
You have not taken this quiz since the last reset